| 000 | 00702nam a2200289Ia 4500 | ||
|---|---|---|---|
| 008 | 210210b2014 xxu||||| |||| 00| 0 eng d | ||
| 020 | _a9781259064371 | ||
| 041 | _aeng | ||
| 082 | _a351.3 MCGG | ||
| 100 | _aMCGRAW HILL | ||
| 245 |
_aGeneral studies 2014: Paper - I _bFor civil services preliminary examination |
||
| 260 |
_aNew Delhi _bMc Graw Hill Publishing Co Ltd., _c2014 |
||
| 300 | _axIix,1318 | ||
| 650 | _astudies | ||
| 650 | _aservices | ||
| 650 | _apreliminary | ||
| 650 | _aPaper | ||
| 650 | _aI | ||
| 650 | _aGeneral | ||
| 650 | _aFor | ||
| 650 | _aexamination | ||
| 650 | _acivil | ||
| 650 | _a2014: | ||
| 650 | _a- | ||
| 690 | _aCivil Service | ||
| 906 | _a068090 | ||
| 999 |
_c152080 _d152080 |
||